[Event "Faxe East Jaelland-ch"]
[Site "Faxe"]
[Date "2004.04.28"]
[Round "6"]
[White "Jensen, Niels"]
[Black "Eriksen, Knud Ejler"]
[Result "1-0"]
[WhiteElo "1390"]
[BlackElo "1169"]
[PlyCount "93"]
[EventDate "2004.03.17"]
[EventType "swiss"]
[EventRounds "7"]
[EventCountry "DEN"]
[SourceTitle "EXT 2025"]
[Source "ChessBase"]
[SourceDate "2024.10.14"]
[SourceVersion "1"]
[SourceVersionDate "2024.10.14"]
[SourceQuality "1"]

1. e4 e5 2. Bc4 Nf6 3. d3 d6 4. h3 Nc6 5. a3 a6 6. Nf3 Be7 7. Nc3 h6 8. Be3 0-0 9. 0-0 Qe8 10. d4 exd4 11. Nxd4 Bd7 12. Nde2 Bd8 13. Nf4 Ne5 14. Ba2 Bc6 15. Nfd5 Rb8 16. Bd4 Ned7 17. Nf4 Kh8 18. Re1 Be7 19. Nd3 a5 20. e5 dxe5 21. Nxe5 Kg8 22. Ng6 Kh7 23. Nxe7 Qd8 24. Nxc6 bxc6 25. Qd3+ Kg8 26. Ne4 Re8 27. Nxf6+ Nxf6 28. Rxe8+ Nxe8 29. Re1 a4 30. Qc4 Qd7 31. Qxa4 Nd6 32. Bc3 Nb5 33. Bb4 Qd4 34. Qb3 Qf6 35. Bc3 Nxc3 36. Qxb8+ Kh7 37. Bb3 Nd5 38. c3 Nf4 39. Bc2+ g6 40. Qxc7 Kg7 41. Qe5 h5 42. Qxf6+ Kxf6 43. a4 Ne6 44. a5 Nc7 45. Bd3 Nb5 46. Bxb5 cxb5 47. a6 1-0

[Event "Faxe East Jaelland-ch"]
[Site "Faxe"]
[Date "2004.04.14"]
[Round "4"]
[White "Eriksen, Knud Ejler"]
[Black "Hansen, Erik Friberg"]
[Result "0-1"]
[WhiteElo "1169"]
[BlackElo "1283"]
[PlyCount "176"]
[EventDate "2004.03.17"]
[EventType "swiss"]
[EventRounds "7"]
[EventCountry "DEN"]
[SourceTitle "EXT 2025"]
[Source "ChessBase"]
[SourceDate "2024.10.14"]
[SourceVersion "1"]
[SourceVersionDate "2024.10.14"]
[SourceQuality "1"]

1. d4 d5 2. c4 e6 3. e3 Nf6 4. Nc3 Bd6 5. Nf3 0-0 6. Be2 Nbd7 7. 0-0 c6 8. cxd5 exd5 9. a3 Re8 10. Re1 Nf8 11. h3 Bf5 12. Bd2 h6 13. Rc1 N8d7 14. Qb3 Qb6 15. Qa2 Ne4 16. b4 a6 17. Red1 Qa7 18. Be1 Nxc3 19. Bxc3 Nf6 20. Qa1 Qb8 21. Bd3 Bxd3 22. Rxd3 Ne4 23. Bb2 f6 24. Re1 Qc7 25. Qd1 Qf7 26. Nh4 f5 27. Rf1 Rf8 28. f4 Ng3 29. Rf2 Ne4 30. Rc2 Be7 31. Nf3 Qh5 32. Qe1 Bf6 33. Bc3 Kh7 34. Qd1 Rg8 35. Be1 g5 36. Nxg5+ Kg6 37. Qxh5+ Kxh5 38. Nf3 Kg6 39. Nh2 Kf7 40. Nf3 h5 41. Ne5+ Bxe5 42. dxe5 Ke6 43. Kh2 Rg7 44. Rb3 Rgg8 45. Bh4 Rac8 46. a4 b5 47. axb5 axb5 48. Ra3 Kd7 49. Ra7+ Rc7 50. e6+ Kd6 51. Rxc7 Kxc7 52. e7 Re8 53. Kg1 Nd6 54. Bf6 Nc8 55. Be5+ Kd7 56. Bf6 Nxe7 57. Bxe7 Rxe7 58. Kf2 Rg7 59. Ra2 Kd6 60. Ra8 Rh7 61. Rd8+ Ke7 62. Rc8 Kd7 63. Rf8 Ke6 64. Kf3 Ke7 65. Rxf5 Ke6 66. Re5+ Kd6 67. Rg5 c5 68. bxc5+ Kxc5 69. e4 b4 70. Rxd5+ Kc4 71. Rd1 b3 72. Rc1+ Kb4 73. e5 b2 74. Rb1 Kb3 75. Rxb2+ Kxb2 76. Ke4 Rg7 77. Kf3 Re7 78. g4 hxg4+ 79. hxg4 Kc3 80. Ke4 Kc4 81. f5 Kc5 82. Kf4 Kd5 83. e6 Kd6 84. g5 Ra7 85. f6 Kxe6 86. Kg4 Kf7 87. Kh5 Ra8 88. Kh6 Rh8# 0-1